000 00636nam a2200217 a 4500
001 BRCA_2754
005 20190320203944.0
008 051208s1956----mx-a---###---#000-0#spa-u
050 4 _aN70
_b.B47 1956
100 1 _aBerenson, Bernard
_97754
245 1 0 _aEstética e historia de las artes visuales
_cBernard Berenson ; tr. de Luis Cardoza y Aragon.
260 _aMéxico
_bFCE
_c1956
300 _a264 p.
_bil.
_c21 cm.
500 _aIncluye índice alfabético.
500 _aAA76
650 1 4 _aEstética
_97755
650 1 4 _aArte
_xHistoria
_97756
700 1 _aCardoza y Aragon, Luis
_etr.
_95606
902 _aGFM
942 _2lcc
_cB
999 _c2494
_d2494